LEADER 01341nam a2200289 u 4500 001 000000114430 003 CaOOAMICUS 005 20090202130910.0 008 090202m19871990it af u000 u ita r 020 $a88-8455-058-0 (v. 1) 040 $aPUL$bita$dLDB 100 1 $aTassoni, Alessandro,$d1565-1635.$0(OLS)http://pul/name/37927 245 13$aLa secchia rapita /$cAlessandro Tassoni ; edizione critica a cura di Ottavio Besomi. 260 $aPadova :$bAntenore,$c1987-1990. 300 $a2 v. :$bill., tav. ;$c25 cm. 490 1 $aMedioevo e Umanesimo ;$v68-76 504 $aBibliografia in nota. 505 0 $av. 1. Prima redazione. -- v. 2. Redazione definitiva. 700 1 $aBesomi, Ottavio.$0(OLS)http://pul/name/64836 830 0$aMedioevo e Umanesimo ;$v68-76.$0(OLS)http://pul/title/9971 850 $aPUL 852 $aPUL$W1$xDP2 Filosofia 3$y112$m940 COLL 3.68$j130757$av. 1$qDDC 21$B129836$CPULBib$Z2$F129836 $H109384 $82 852 $aPUL$W1$xDP2 Filosofia 3$y112$m940 COLL 3.76$j130758$av. 2$qDDC 21$B129837$CPULBib$Z2$F129837 $H109385 $82 941 1 $a9 996 $6020$a88-8455-058-0 (v. 1)$9(OLS)http://pul/number/139587 996 $6245$aLa secchia rapita$9(OLS)http://pul/title/143801 996 $6260$aPadova :$bAntenore$9(OLS)http://pul/publisher/48020 LEADER 01469nam a2200349 a 4500 001 000000140862 003 CaOOAMICUS 005 20141211120300.0 008 141211s2014 it u000 u ita r 020 $a978-88-6689-534-3 040 $aPUL$bita 082 $a348.45 110 1 $aItalia.$0(OLS)http://pul/name/1188 240 10$aCodice civile (2014).$0(OLS)http://pul/title/176417 245 10$aCodice civile e leggi complementari /$ca cura di Francesco Bartolini. 250 $a37. ed. 260 $aPiacenza :$bCELT La Tribuna,$cİ2014. 300 $a1597 p. ;$c19 cm 490 1 $aI codici vigenti 2014 500 $aTesto su due colonne. 500 $aSulla cop.: Aggiornato con il D.L. 12/9/2014, n. 132 Riforma della giustizia civile. 650 4$aDiritto civile$zItalia.$0(OLS)http://pul/subject/3770 700 1 $aBartolini, Francesco,$d1942-$0(OLS)http://pul/name/35926 830 0$aCodici vigenti 2014.$0(OLS)http://pul/title/178215 850 $aPUL 852 $aPUL$W1$xDP2 Diritto e Scienze Sociali 3$y110$m348. 45 COD 3.1.21$j162630$qDDC 21$B162248$CPULBib$Z2$F162248 $H125111 $82 941 1 $a9 996 $6020$a978-88-6689-534-3$9(OLS)http://pul/number/156484 996 $6082$a348.45$9(OLS)http://pul/classification/373 996 $6245$aCodice civile e leggi complementari$9(OLS)http://pul/title/104033 996 $6260$aPiacenza :$bCELT La Tribuna$9(OLS)http://pul/publisher/83033